| 000 | 00668nam a22001937a 4500 | ||
|---|---|---|---|
| 999 |
_c174278 _d174278 |
||
| 005 | 20200601162023.0 | ||
| 010 | _aUR-10771 | ||
| 020 |
_c200.00 _a9789384255527 |
||
| 035 | _aU-9326 | ||
| 037 |
_bDBAD/PUB _a- |
||
| 082 | _aک | ||
| 100 | _aمحمد عبد ا لقد و س ر ضو ا ن | ||
| 245 |
_aسو نے کی چڑ يا _cمحمد عبد ا لقد و س ر ضو ا ن |
||
| 246 |
_bSone Ki Chidya (Urdu) _aby Mohd. Abdul Quddoos Rizwan |
||
| 260 |
_aDelhi _bEducational Publishing House _c2018 ء |
||
| 270 |
_a3191,Vakil Street,Kucha Pandit Lal Kuan, _bDelhi _e110006 _k23216162 _l- |
||
| 300 |
_a100 ص _c22 Cm(Hb) |
||
| 942 |
_2ddc _cUR _hک _mر ض و |
||